| 000 | 00560nam a22001937a 4500 | ||
|---|---|---|---|
| 005 | 20251108173310.0 | ||
| 008 | 250721s2006 xx 000 0 ara d | ||
| 082 | 1 | 4 | _a811.009567/نهر |
| 100 | 1 | _aنهر، هادي | |
| 245 | 1 | 0 | _aعدن و أناشيد البحر / |
| 264 | 1 |
_aعمان : _bدار الامل للنشر والتوزيع، _c2006. |
|
| 300 | _a238ص. | ||
| 650 | 1 | 7 | _aالشعر العربي |
| 650 | 1 | 7 | _aالنقد الأدبي |
| 650 | 1 | 7 | _aالعصر الحديث |
| 650 | 1 | 7 | _aاليمن |
| 942 |
_2ddc _cBK |
||
| 999 |
_c100660 _d100660 |
||